Five Cities with the Highest GDP by Continent - Statistics

General Stats
  • This quiz has been taken 2,592 times
  • The average score is 25 of 30
Answer Stats
Hint Answer % Correct
835.7 London
97%
715.1 Paris
97%
1,403 New York
96%
860.5 Los Angeles
95%
1,617 Tokyo
95%
102.2 Cairo
94%
223.4 Sydney
94%
506.1 Beijing
91%
594.0 Shanghai
90%
178.4 Melbourne
89%
553.3 Moscow
89%
176.6 Rio de Janeiro
89%
563.2 Chicago
88%
82.9 Johannesburg
88%
58.9 Cape Town
87%
430.5 Sao Paulo
87%
315.9 Buenos Aires
86%
134.0 Perth
84%
49.9 Auckland
83%
845.9 Seoul
81%
176.5 Lima
77%
171.4 Santiago
77%
96.6 Brisbane
74%
483.2 Houston
74%
312.1 Milan
73%
442.2 Washington D.C
70%
320.6 Amsterdam
69%
671.3 Osaka
66%
49.9 Pretoria
53%
48.9 Durban
47%
No matching quizzes found
Score Distribution
Percent of People with Each Score
Percentile by Number Answered
Your Score History
You have not taken this quiz